Entry Nombre personal
001 - NÚMERO DE CONTROL
- campo de control: 236686
003 - IDENTIFICADOR DE NÚMERO DE CONTROL
- campo de control: SpMaBN
005 - FECHA Y HORA DE LA ÚLTIMA TRANSACCIÓN
- campo de control: 20240527153726.0
008 - ELEMENTOS DE DATO DE LONGITUD-FIJA
- campo de control de longitud fija: 991013n| aijnnaabn n aaa
016 ## - NÚMERO DE CONTROL DE UNA AGENCIA BIBLIOGRÁFICA NACIONAL
- Número de control del registro: BNE19990101619
024 7# - IDENTIFICADOR DE OTROS ESTÁNDARES
- Número estándar o código: https://orcid.org/0000-0001-5948-5610
- Fuente: orcid
024 7# - IDENTIFICADOR DE OTROS ESTÁNDARES
- Número estándar o código: http://viaf.org/viaf/87174985/
- Fuente: viaf
024 7# - IDENTIFICADOR DE OTROS ESTÁNDARES
- Número estándar o código: https://isni.org/isni/0000000109222572
- Fuente: isni
024 7# - IDENTIFICADOR DE OTROS ESTÁNDARES
- Número estándar o código: http://www.wikidata.org/entity/Q93236217
- Fuente: wikidata
040 ## - FUENTE DE CATALOGACIÓN
- Centro catalogador/agencia de origen: SpMaBN
- Lengua de catalogación: spa
- Centro/agencia transcriptor: SpMaBN
- Normas de descripción: rdc
- Convención/Normas de encabezamiento de materia/tesauro: embne
046 ## - FECHAS CON CODIFICACIÓN ESPECIAL
- Fecha de nacimiento: 1961
100 1# - ENCABEZAMIENTO-NOMBRE DE PERSONA
- Nombre de persona: Bogarín Díaz, Jesús,
- Fechas asociadas al nombre: 1961-
372 ## - CAMPO DE ACTIVIDAD
- Campo de actividad: Derecho Eclesiástico del Estado
- Fuente de información: (Dialnet)
375 ## - GÉNERO/SEXO
- Género: Masculino
377 ## - IDIOMA ASOCIADO
- Código del idioma: spa
- Término de lengua/lenguaje: Español
670 ## - FUENTE DE DATOS ENCONTRADOS
- Cita de la fuente: Cuarenta años de la Diócesis de Huelva, a través del Boletín Oficial
- Información encontrada: port. (Jesús Bogarín Díaz)
670 ## - FUENTE DE DATOS ENCONTRADOS
- Cita de la fuente: Correo electrónico del autor, 21-12-2015
- Información encontrada: (Jesús Bogarín Díaz; n. en 1961)
856 4# - LOCALIZACIÓN Y ACCESO ELECTRÓNICOS
- Identificador Uniforme de Recursos: https://dialnet.unirioja.es/servlet/autor?codigo=22514
